1006 1413 1849 1391 1650 1407 1993 1504 1380 1131 1678 1328 1958 1760 1636 1392 1715 1714 1742 1832 1736 1496 1070 1646 1961 1851 1774 1547 1367 1019 1485 1647 1217 1764 1465 1349 1834 1930 1845 1356 1353 1443 1385 1857 1297 1757 1288 1982 1765 1464 1340 1431 1658 1079 1937 1307 1642 1415 1741 1781 1149 1819 1941 1944 1546 1936 1219 1059 1728 1379 1575 1954 1436 1244 1642 1214 1562 1228 1834 1208 1578 1265 1510 1675 1464 1902 1740 1255 1225 1353 1524 1657 1602 1589 1057 1815 1940 1433 1405 BCNSPRNW ULIB Ver.6.0+V

เปลี่ยนเป็นภาษาไทย

Change to English
 แสดงรายละเอียดบรรณานุกรม
  กลับหน้าหลัก

Brief Record : Get Marc (ISO 2709) : E-mail record : QR code < ปิดหน้าต่าง
LEADER : 00000nam 2200000uu 4500
001    13399127320
003     ULIB
008    200420s2562||||th 000 0 tha d
020    ^a9789745877412^c400
060  4 ^aWB115^bต367
245 00 ^aตำราอายุรศาสตร์ อาการวิทยา /^cคณาจารย์ภาควิชาอายุรศาสตร์ คณะแพทยศาสตร์ศิริราชพยาบาล มหาวิทยาลัยมหิดล ; บรรณาธิการ, วันชัย เดชสัมฤทธิ์ฤทัย ... [และคนอื่นๆ]
250    ^aฉบับปรับปรุงใหม่พิมพ์เพิ่มเติมครั้งที่ 6
260    ^aกรุงเทพฯ :^bศุภวนิชการพิมพ์,^c2562
300    ^a461 หน้า :^bภาพประกอบ
650  2 ^aอายุรศาสตร์
700 0  ^aวันชัย เดชสัมฤทธิ์ฤทัย,^eบรรณาธิการ
710 2  ^aมหาวิทยาลัยมหิดล.^bคณะแพทยศาสตร์ศิริราชพยาบาล.^bคณาจารย์ภาควิชาอายุรศาสตร์
945    ^p400^l0^i006844
945    ^p400^l0^i006845
945    ^p400^l0^i006846
945    ^p400^l0^i006847
945    ^p400^l0^i006848
999    ^aประนอม เกษจรัล
รายการนี้ยังไม่มีแท็ก
คุณยังไม่ได้ล็อกอิน คุณสามารถมีกิจกรรมร่วมกับเว็บไซต์ได้ แต่ต้องล็อกอินก่อน ::
  ล็อกอิน

รายการสื่อสารสนเทศ

ลำดับที่ ประเภท เลขเรียก/บาร์โค้ด สถานที่ สถานะ
1. วิทยาศาสตร์การแพทย์ และสุขภาพ
หนังสือสำรอง
สถานะ=หนังสือสำรอง
WB115 ต367 ฉ.1 
  Barcode: 006844
ห้องสมุดวิทยาเขตสวรรค์ประชารักษ์
►หนังสือทั่วไป
บนชั้น
2. วิทยาศาสตร์การแพทย์ และสุขภาพ
วิทยาศาสตร์การแพทย์ และสุขภาพ
WB115 ต367 ฉ.2 
  Barcode: 006845
ห้องสมุดวิทยาเขตสวรรค์ประชารักษ์
►หนังสือทั่วไป
บนชั้น
3. วิทยาศาสตร์การแพทย์ และสุขภาพ
วิทยาศาสตร์การแพทย์ และสุขภาพ
WB115 ต367 ฉ.3 
  Barcode: 006846
ห้องสมุดวิทยาเขตสวรรค์ประชารักษ์
►หนังสือทั่วไป
บนชั้น
4. วิทยาศาสตร์การแพทย์ และสุขภาพ
วิทยาศาสตร์การแพทย์ และสุขภาพ
WB115 ต367 ฉ.4 
  Barcode: 006847
ห้องสมุดวิทยาเขตสวรรค์ประชารักษ์
►หนังสือทั่วไป
บนชั้น
5. วิทยาศาสตร์การแพทย์ และสุขภาพ
วิทยาศาสตร์การแพทย์ และสุขภาพ
WB115 ต367 ฉ.5 
  Barcode: 006848
ห้องสมุดวิทยาเขตสวรรค์ประชารักษ์
►หนังสือทั่วไป
บนชั้น

รายการใกล้เคียง
    หัวเรื่อง [อายุรศาสตร์]

BibComment


ยังไม่เคยถูกคอมเมนท์

คอมเมนท์ทรัพยากรรายการนี้
  คอมเมนท์: ตำราอายุรศาสตร์ ..


 Copyright 2026. Bcnsprnw @Library